[Event "Hamburg Junge op"]
[Site "Hamburg"]
[Date "2005.10.09"]
[Round "9"]
[White "Zehner, Birte"]
[Black "Flohr, Erwin"]
[Result "1-0"]
[WhiteElo "1629"]
[BlackElo "1890"]
[PlyCount "41"]
[EventDate "2005.10.01"]
[EventType "swiss"]
[EventRounds "9"]
[EventCountry "GER"]
[SourceTitle "CBM 108 Extra"]
[Source "ChessBase"]
[SourceDate "2005.11.04"]
[SourceVersion "1"]
[SourceVersionDate "2005.11.04"]
[SourceQuality "1"]

1. e4 e5 2. Nf3 Bc5 3. Nxe5 Qh4 4. Qf3 Nf6 5. d3 d6 6. g3 Qh5 7. Qxh5 Nxh5 8. Nf3 Nc6 9. c3 0-0 10. Be2 Bh3 11. Ng5 Bg2 12. Rg1 Bxe4 13. Nxe4 Nf6 14. Nxf6+ gxf6 15. d4 Bxd4 16. cxd4 Nxd4 17. Kd1 Rfe8 18. Be3 Nf5 19. Nc3 Re5 20. g4 Ne7 21. Bd4 1-0

[Event "Hamburg Junge op"]
[Site "Hamburg"]
[Date "2005.10.04"]
[Round "4"]
[White "Schoknecht, Sabine"]
[Black "Flohr, Erwin"]
[Result "1-0"]
[WhiteElo "1487"]
[BlackElo "1890"]
[PlyCount "49"]
[EventDate "2005.10.01"]
[EventType "swiss"]
[EventRounds "9"]
[EventCountry "GER"]
[SourceTitle "CBM 108 Extra"]
[Source "ChessBase"]
[SourceDate "2005.11.04"]
[SourceVersion "1"]
[SourceVersionDate "2005.11.04"]
[SourceQuality "1"]

1. d4 e6 2. g3 d5 3. Bg2 c5 4. Nf3 Nc6 5. c3 Nf6 6. Bf4 Qb6 7. Qb3 Qa5 8. 0-0 c4 9. Qc2 Be7 10. Nbd2 Bd7 11. Rfe1 h6 12. e4 g5 13. Be5 g4 14. Bxf6 Bxf6 15. exd5 gxf3 16. dxc6 Bxc6 17. Nxf3 0-0-0 18. Re3 Bd5 19. Qe2 Bg5 20. Nxg5 hxg5 21. Bxd5 Qxd5 22. Re5 Rxh2 23. Rxd5 Rdh8 24. Rc5+ Kd7 25. Qf3 1-0